Instituciónes (apunte) /

Guardado en:
Formato: Libro
Publicado: : , 0
Materias:
Fc
Etiquetas: Agregar Etiqueta
Sin Etiquetas, Sea el primero en etiquetar este registro!
LEADER 00395nam a22001455a 4500
001 CEM.cems007727
005 20060214000000.0
008 130507b######################000#0#####d
003 CEMS
082 0 4 |a F301 
245 0 0 |a Instituciónes (apunte) / 
260 |a : , 0 
653 |a Fc 
859 |a CEMS  |b BIB. CEMS - 11 de abril  |h F301  |i 7  |p 84.44  |t Ej.1 
859 |a CEMS  |b BIB. CEMS - 11 de abril  |h F301  |i 7  |p 85.44  |t Ej.2